| 000 | 00679 a2200157 4500 | ||
|---|---|---|---|
| 003 | Nust | ||
| 005 | 20221219130236.0 | ||
| 040 | _cNust | ||
| 082 | _a080, REB | ||
| 100 |
_aM. Rebrou, G.Khozin _9105207 |
||
| 245 |
_aThe Moon and Man _cM. Rebrou, G.Khozin |
||
| 260 | _bPeace | ||
| 300 | _a117,p; | ||
| 505 | _aBy way of an introduction (Page-9), The promise of outer space (Page-11), Moon fables (Page-18), Birth of a dream (Page-22), Hapotheses and theories (Page-34), Automatic explorers (Page-48), Rocket engines (Page-69), Moon projects (Page-84), Robots on the moon (Page-102), The forst men on the moon (Page-106), The call of the cosmos (Page-115). | ||
| 942 |
_2ddc _cBK |
||
| 999 |
_c194193 _d194193 |
||